Archaeology and the New Testament.

محفوظ في:

المؤلف الرئيسي: Unger, Merrill F. 1909-1980 (مؤلف)

التنسيق: كتاب

اللغة: English

منشور في: Grand Rapids : Zondervan Pub. House, [1962].

الموضوعات:

الوسوم: إضافة وسم

لا توجد وسوم, كن أول من يضع وسما على هذه التسجيلة!

رقم الطلب: BS2375 .U5 1962

LEADER 01022nam a2200277u 4500
001 415
003 OSt
005 20240808065017.0
008 130303s1962 miuab 000 0 eng d
952 |0 0  |1 0  |2 lcc  |4 0  |6 BS2375 U5 01962  |7 1  |9 747  |a ARCE  |b ARCE  |d 2020-03-26  |l 0  |o BS2375 .U5 1962  |p 1004380  |r 2020-03-26 00:00:00  |w 2020-03-26  |y BK 
999 |c 1797  |d 1797 
010 |a 62007371 
035 |a rdb03350948 
040 |c ARCE Library 
050 4 |a BS2375 .U5 1962 
100 1 |a Unger, Merrill F.  |q (Merrill Frederick),  |d 1909-1980,  |e author 
245 1 0 |a Archaeology and the New Testament. 
264 1 |a Grand Rapids :  |b Zondervan Pub. House,  |c [1962]. 
300 |a 350 pages :  |b illustrations, maps ;  |c 23 cm. 
500 |a A companion volume to Archaeology and the Old Testament. 
500 |a Signed: Ahmed Fakhry, Amman, December 2, 1967. 
630 0 0 |a Bible.  |p N.T.  |x Antiquities. 
630 0 0 |a Bible.  |p N.T.  |x Evidences, authority, etc. 
630 0 0 |a Bible.  |p N.T.  |x History of contemporary events. 
901 |a reviewed 
942 |c BK  |2 lcc